Experience Jerome and the Verde Valley : (Record no. 1103)

MARC details
000 -LEADER
fixed length control field 00869nam a2200277 a 4500
005 - DATE AND TIME OF LATEST TRANSACTION
control field 20260322212047.0
008 - FIXED-LENGTH DATA ELEMENTS--GENERAL INFORMATION
fixed length control field data
010 ## - LIBRARY OF CONGRESS CONTROL NUMBER
LC control number 90071606
020 ## - INTERNATIONAL STANDARD BOOK NUMBER
International Standard Book Number 096283291X
020 ## - INTERNATIONAL STANDARD BOOK NUMBER
International Standard Book Number 9780962832918
040 ## - CATALOGING SOURCE
Original cataloging agency DLC
Transcribing agency DLC
043 ## - GEOGRAPHIC AREA CODE
Geographic area code n-us-az
050 00 - LIBRARY OF CONGRESS CALL NUMBER
Classification number F819.J4
Item number R85 1990
092 ## - LOCALLY ASSIGNED DEWEY CALL NUMBER (OCLC)
Classification number 979.1 R85 1990
001 - CONTROL NUMBER
control field data
100 1# - MAIN ENTRY--PERSONAL NAME
Personal name Ruland-Thorne, Kate.
245 10 - TITLE STATEMENT
Title Experience Jerome and the Verde Valley :
Remainder of title legends and legacies /
Statement of responsibility, etc. Kate Ruland-Thorne & James Bishop.
260 ## - PUBLICATION, DISTRIBUTION, ETC.
Place of publication, distribution, etc. Sedona, Ariz. :
Name of publisher, distributor, etc. Thorne Enterprises,
Date of publication, distribution, etc. 1990.
300 ## - PHYSICAL DESCRIPTION
Extent vi, 278 p. :
Other physical details ill. ;
Dimensions 22 cm.
504 ## - BIBLIOGRAPHY, ETC. NOTE
Bibliography, etc. note Includes bibliographical references (p. 268-277).
651 #0 - SUBJECT ADDED ENTRY--GEOGRAPHIC NAME
Geographic name Jerome (Ariz.)
General subdivision History.
651 #0 - SUBJECT ADDED ENTRY--GEOGRAPHIC NAME
Geographic name Verde River Valley (Ariz.)
General subdivision History.
651 #0 - SUBJECT ADDED ENTRY--GEOGRAPHIC NAME
Geographic name Jerome (Ariz.)
General subdivision Biography.
651 #0 - SUBJECT ADDED ENTRY--GEOGRAPHIC NAME
Geographic name Verde River Valley (Ariz.)
General subdivision Biography.
700 1# - ADDED ENTRY--PERSONAL NAME
Personal name Bishop, James,
Titles and other words associated with a name Jr.
Holdings
Withdrawn status Lost status Damaged status Not for loan Home library Current library Shelving location Date acquired Total checkouts Full call number Barcode Date last seen Price effective from Koha item type
        Centerville Centerville General stacks 22/03/2026   F819.J4 R85 1990 BC0011139 22/03/2026 22/03/2026 Books